| 000 | 00407nam a2200145Ia 4500 | ||
|---|---|---|---|
| 008 | 230917s9999||||xx |||||||||||||| ||und|| | ||
| 040 |
_e101794 _aMAIN |
||
| 041 | _aEnglish | ||
| 082 | _a301.412 R18D | ||
| 100 | _aRao, Brinda | ||
| 245 | 0 | _aDry wells and deserted women: gender, ecology and agency in rural India | |
| 260 |
_aNew Delhi _bIndian social institute _c1996 |
||
| 300 | _a175 p. | ||
| 942 | _cBK | ||
| 999 |
_c119246 _d119246 |
||